00510cam a2200121Ia 4500082001500000245002900015260010600044300002600150490003100176500014400207650001700351650002000368 a657.42 COS10aCost control accounting. aWashington, D.C. :bOffice of Industrial Resources, International Cooperation Administration,c[1959] aiii, 76 p. :bforms ;1 aTechnical bulletin no.60 ; a"Developed and prepared for the International Cooperation Administration by the George H. Andrews Engineering Associates, Inc."-- Foreword. 0aCost control 0aCost accounting